Teoría y práctica de la verificación de créditos /

Guardado en:
Autor Principal: Di Tullio, José A.
Otros Autores: Heredia, Pablo D., (prol.)
Formato: Libro
Idioma:Spanish
Publicado: Buenos Aires : Lexis Nexis, 2006.
Edición:1a. ed.
Materias:
Etiquetas: Agregar Etiqueta
Sin Etiquetas, Sea el primero en etiquetar este registro!
LEADER 00554nam a22001695a 4500
001 DER.der008543
008 180615s2006####|||||||||||||||||#||spa||
005 20241128084743.0
245 1 0 |a Teoría y práctica de la verificación de créditos /  |c José A. Di Tullio ; prólogo de Pablo D. Heredia. 
250 |a 1a. ed. 
260 |a Buenos Aires :  |b Lexis Nexis,  |c 2006. 
300 |a 576 p. 
020 |a 9875921319 
100 1 |a Di Tullio, José A. 
700 1 |a Heredia, Pablo D.,  |e prol. 
650 7 |a DERECHO CONCURSAL 
859 |a DERECHO  |b BIB. DERECHO  |h 346.07  |i DIT  |p 006140